000 00309nam a22001337a 4500
005 20190330130913.0
008 190330b xxu||||| |||| 00| 0 eng d
041 _aeng
100 _aPathak, Dr R C
_94926
245 _aDictionary (English to Hindi)
260 _bBhargava
_c2019
300 _a1280
942 _cBK
999 _c5799
_d5797